[Event "Sport Summer 2016"]
[Site "Paracin"]
[Date "2016.07.13"]
[Round "8.1"]
[White "Kadric, Denis"]
[Black "Kosic, Dragan"]
[Result "1/2-1/2"]
[BlackElo "2504"]
[WhiteElo "2562"]
[LiveChessVersion "1.4.8"]

1. e4 {[%clk 1:30:58]} e6 {[%clk 1:30:53]} 2. d4 {[%clk 1:31:26]} d5
{[%clk 1:31:16]} 3. Nd2 {[%clk 1:31:54]} c5 {[%clk 1:31:37]} 4. Ngf3
{[%clk 1:32:21]} cxd4 {[%clk 1:31:58]} 5. Nxd4 {[%clk 1:32:48]} Nf6
{[%clk 1:32:08]} 6. exd5 {[%clk 1:33:13]} Qxd5 {[%clk 1:31:49]} 7. Nb5
{[%clk 1:33:39]} Na6 {[%clk 1:32:06]} 8. Nc3 {[%clk 1:34:04]} Qd6
{[%clk 1:28:27]} 9. Qe2 {[%clk 1:31:40]} Be7 {[%clk 1:23:53]} 10. Nc4
{[%clk 1:29:51]} Qd8 {[%clk 1:21:37]} 11. a3 {[%clk 1:17:47]} O-O
{[%clk 1:20:28]} 12. Bg5 {[%clk 1:16:35]} Nc7 {[%clk 1:16:33]} 13. Qd3
{[%clk 1:11:28]} Nfd5 {[%clk 1:05:28]} 14. Bxe7 {[%clk 1:11:54]} Qxe7
{[%clk 1:05:23]} 15. Nxd5 {[%clk 1:10:38]} Nxd5 {[%clk 1:05:49]} 16. O-O-O
{[%clk 1:11:02]} b6 {[%clk 1:06:07]} 17. Qg3 {[%clk 1:11:17]} Bb7
{[%clk 1:06:24]} 18. Bd3 {[%clk 1:11:40]} Rfd8 {[%clk 1:06:32]} 19. Kb1
{[%clk 1:12:02]} Rac8 {[%clk 1:06:57]} 20. Rhe1 {[%clk 1:12:31]} 1/2-1/2

[Event "Sport Summer 2016"]
[Site "Paracin"]
[Date "2016.07.13"]
[Round "8.2"]
[White "Savic, Miodrag R"]
[Black "Berkes, Ferenc"]
[Result "1/2-1/2"]
[BlackElo "2640"]
[WhiteElo "2507"]
[LiveChessVersion "1.4.8"]

1. e4 {[%clk 1:30:57]} c6 {[%clk 1:30:55]} 2. d4 {[%clk 1:31:18]} d5
{[%clk 1:31:19]} 3. exd5 {[%clk 1:31:40]} cxd5 {[%clk 1:31:42]} 4. Bd3
{[%clk 1:31:57]} Nc6 {[%clk 1:32:05]} 5. c3 {[%clk 1:32:20]} Nf6 {[%clk 1:32:30]}
6. Bf4 {[%clk 1:32:42]} Bg4 {[%clk 1:28:36]} 7. Qb3 {[%clk 1:32:46]} Qc8
{[%clk 1:28:47]} 8. Nd2 {[%clk 1:32:56]} e6 {[%clk 1:29:10]} 9. Ngf3
{[%clk 1:33:15]} Be7 {[%clk 1:29:24]} 10. O-O {[%clk 1:30:56]} Bh5
{[%clk 1:29:44]} 11. Ne5 {[%clk 1:31:05]} Nxe5 {[%clk 1:28:09]} 12. Bxe5
{[%clk 1:31:21]} O-O {[%clk 1:28:24]} 13. Rae1 {[%clk 1:30:00]} Bg6
{[%clk 1:27:51]} 14. Bxg6 {[%clk 1:27:38]} hxg6 {[%clk 1:28:14]} 15. Re2
{[%clk 1:13:33]} Qc6 {[%clk 1:27:35]} 16. Rfe1 {[%clk 0:59:00]} b5
{[%clk 1:26:12]} 17. a3 {[%clk 0:56:20]} a5 {[%clk 1:26:33]} 18. h3
{[%clk 0:33:04]} Rfc8 {[%clk 1:21:06]} 19. Re3 Nd7 {[%clk 1:16:05]} 20. Bf4
{[%clk 0:27:47]} b4 21. axb4 {[%clk 0:28:11]} axb4 {[%clk 1:10:54]} 22. Nf3
{[%clk 0:26:34]} Qa4 {[%clk 0:58:41]} 23. cxb4 Bxb4 {[%clk 0:54:12]} 24. R1e2
{[%clk 0:26:40]} Nf6 {[%clk 0:50:12]} 25. Qxa4 Rxa4 {[%clk 0:50:20]} 26. Rb3
{[%clk 0:24:59]} Ne4 {[%clk 0:46:54]} 27. g4 {[%clk 0:24:39]} Bf8
{[%clk 0:40:34]} 28. Rb7 {[%clk 0:24:24]} f6 {[%clk 0:35:52]} 29. g5
{[%clk 0:23:05]} e5 {[%clk 0:34:02]} 30. Be3 {[%clk 0:22:55]} exd4
{[%clk 0:33:51]} 31. Bxd4 {[%clk 0:19:11]} Nxg5 32. Nxg5 {[%clk 0:19:24]} Rxd4
{[%clk 0:32:24]} 33. Ne6 {[%clk 0:12:18]} Rb4 {[%clk 0:27:51]} 34. Rd7
{[%clk 0:12:05]} Re8 {[%clk 0:20:08]} 35. Rxd5 {[%clk 0:11:57]} Rb6
{[%clk 0:20:31]} 36. Nf4 {[%clk 0:12:01]} Rxe2 37. Nxe2 {[%clk 0:12:30]} Rxb2
{[%clk 0:20:39]} 38. Nf4 {[%clk 0:12:43]} Kh7 {[%clk 0:13:46]} 39. Ne6
{[%clk 0:12:50]} Rb8 {[%clk 0:11:59]} 40. Rd8 {[%clk 0:11:35]} Rxd8
{[%clk 0:11:15]} 41. Nxd8 {[%clk 0:12:01]} g5 {[%clk 0:11:37]} 42. Ne6
{[%clk 0:12:13]} Bd6 {[%clk 0:12:01]} 43. Kg2 {[%clk 0:12:28]} Kg6
{[%clk 0:12:26]} 44. Kf3 {[%clk 0:12:19]} f5 {[%clk 0:12:50]} 45. Nd4
{[%clk 0:12:34]} Be5 {[%clk 0:12:36]} 46. Nc6 {[%clk 0:12:25]} Bf6
{[%clk 0:12:44]} 47. Nb4 {[%clk 0:12:35]} Kh5 {[%clk 0:12:58]} 48. Nd5
{[%clk 0:12:48]} Kh4 {[%clk 0:13:14]} 49. Kg2 {[%clk 0:13:11]} g4
{[%clk 0:13:32]} 50. hxg4 {[%clk 0:13:28]} Kxg4 {[%clk 0:13:50]} 51. f3+
{[%clk 0:11:52]} Kh4 {[%clk 0:14:03]} 52. Ne3 {[%clk 0:11:26]} Kg5
{[%clk 0:14:22]} 53. Nd5 {[%clk 0:11:43]} Be5 {[%clk 0:14:46]} 54. Kh3
{[%clk 0:11:48]} Bd6 {[%clk 0:15:02]} 55. Kg2 {[%clk 0:12:07]} Kg6
{[%clk 0:15:27]} 56. f4 {[%clk 0:10:50]} Kf7 {[%clk 0:15:51]} 57. Kf3
{[%clk 0:11:12]} Ke6 {[%clk 0:16:16]} 58. Ne3 {[%clk 0:11:22]} g6
{[%clk 0:16:12]} 59. Ng2 {[%clk 0:11:18]} Be7 {[%clk 0:16:33]} 60. Ne3
{[%clk 0:11:24]} Bf6 {[%clk 0:16:46]} 61. Ke2 {[%clk 0:10:49]} Kd6
{[%clk 0:17:09]} 62. Kd3 {[%clk 0:10:56]} Kc5 {[%clk 0:17:33]} 63. Nc4
{[%clk 0:10:10]} Bd4 {[%clk 0:17:30]} 64. Nd2 {[%clk 0:10:04]} Kd5
{[%clk 0:17:53]} 65. Nf3 {[%clk 0:09:21]} Bf6 {[%clk 0:18:17]} 66. Nd2
{[%clk 0:09:22]} Bb2 {[%clk 0:16:41]} 67. Nf3 {[%clk 0:08:39]} Ke6
{[%clk 0:16:20]} 68. Nh4 {[%clk 0:08:52]} Kf6 {[%clk 0:16:42]} 69. Kd2
{[%clk 0:08:58]} Ba3 {[%clk 0:15:28]} 70. Nf3 {[%clk 0:08:49]} Bf8
{[%clk 0:15:40]} 71. Ke3 {[%clk 0:09:09]} Bh6 {[%clk 0:16:02]} 72. Nd4
{[%clk 0:08:44]} Ke7 {[%clk 0:16:18]} 73. Nf3 {[%clk 0:08:39]} Ke6
{[%clk 0:16:42]} 74. Nd4+ {[%clk 0:08:44]} Kd5 {[%clk 0:17:03]} 1/2-1/2

[Event "Sport Summer 2016"]
[Site "Paracin"]
[Date "2016.07.13"]
[Round "8.3"]
[White "Nestorovic, Dejan"]
[Black "Georgiev, Kiril"]
[Result "1/2-1/2"]
[BlackElo "2613"]
[WhiteElo "2387"]
[LiveChessVersion "1.4.8"]

1. d4 {[%clk 1:30:30]} Nf6 {[%clk 1:29:19]} 2. c4 {[%clk 1:30:38]} g6
{[%clk 1:28:55]} 3. Nc3 {[%clk 1:30:58]} d5 {[%clk 1:29:19]} 4. Bg5
{[%clk 1:31:23]} Bg7 {[%clk 1:28:10]} 5. Bxf6 {[%clk 1:27:10]} Bxf6
{[%clk 1:28:32]} 6. cxd5 {[%clk 1:27:34]} c5 {[%clk 1:28:04]} 7. dxc6
{[%clk 1:25:05]} Qxd4 {[%clk 1:20:12]} 8. Qxd4 {[%clk 1:10:37]} Bxd4
{[%clk 1:19:57]} 9. cxb7 {[%clk 1:10:56]} Bxb7 {[%clk 1:18:51]} 10. e3
{[%clk 1:05:27]} Bxc3+ {[%clk 1:14:17]} 11. bxc3 {[%clk 1:05:46]} O-O
{[%clk 1:14:41]} 12. Nf3 {[%clk 1:00:22]} Rc8 {[%clk 1:14:13]} 13. c4
{[%clk 1:00:22]} Nd7 {[%clk 1:08:16]} 14. Nd2 {[%clk 0:39:53]} Rab8 15. Rb1
{[%clk 0:26:43]} Bc6 {[%clk 0:58:20]} 16. Rxb8 Rxb8 {[%clk 0:57:27]} 17. Nb3
{[%clk 0:26:50]} Ba4 {[%clk 0:55:06]} 18. Kd2 {[%clk 0:24:05]} Bxb3 19. axb3
{[%clk 0:24:27]} Rxb3 {[%clk 0:50:29]} 20. Kc2 {[%clk 0:24:32]} Ra3
{[%clk 0:38:06]} 21. Kb2 {[%clk 0:24:34]} Ra5 {[%clk 0:37:56]} 22. Bd3
{[%clk 0:17:40]} Kf8 {[%clk 0:35:10]} 23. h4 e6 {[%clk 0:31:15]} 24. g4
{[%clk 0:13:41]} Ke7 {[%clk 0:28:55]} 25. f4 {[%clk 0:13:37]} Nf6
{[%clk 0:26:29]} 26. Be2 {[%clk 0:08:26]} Ne4 {[%clk 0:24:14]} 27. Bf3
{[%clk 0:08:07]} Nd6 {[%clk 0:21:13]} 28. Rc1 {[%clk 0:06:30]} Rc5
{[%clk 0:21:03]} 29. Be2 {[%clk 0:06:23]} h6 {[%clk 0:18:55]} 30. Bd3
{[%clk 0:06:42]} Kd7 {[%clk 0:18:41]} 31. Ra1 {[%clk 0:06:28]} a5
{[%clk 0:14:46]} 32. Kc3 {[%clk 0:06:43]} Nb5+ {[%clk 0:14:16]} 33. Kd2
{[%clk 0:06:34]} Na7 {[%clk 0:14:13]} 34. Rb1 {[%clk 0:06:22]} Kc7
{[%clk 0:14:39]} 35. Kc3 {[%clk 0:04:15]} Nc6 {[%clk 0:14:00]} 36. Bc2
{[%clk 0:03:47]} Nb4 {[%clk 0:10:51]} 37. Ba4 {[%clk 0:04:08]} h5
{[%clk 0:08:09]} 38. g5 {[%clk 0:02:19]} e5 {[%clk 0:07:19]} 39. Rd1
{[%clk 0:02:00]} exf4 {[%clk 0:07:07]} 40. Rd7+ {[%clk 0:01:49]} Kb6
{[%clk 0:06:17]} 41. Rd6+ {[%clk 0:01:40]} Kc7 {[%clk 0:05:46]} 42. Rd7+
{[%clk 0:02:04]} Kb6 {[%clk 0:05:46]} 43. Rd6+ {[%clk 0:02:28]} Kc7
{[%clk 0:04:36]} 44. Rd7+ {[%clk 0:02:49]} 1/2-1/2

[Event "Sport Summer 2016"]
[Site "Paracin"]
[Date "2016.07.13"]
[Round "8.4"]
[White "Becker, Marcel"]
[Black "Atalik, Suat"]
[Result "0-1"]
[BlackElo "2564"]
[WhiteElo "2380"]
[LiveChessVersion "1.4.8"]

1. d4 {[%clk 1:31:19]} Nf6 2. c4 {[%clk 1:31:35]} e6 {[%clk 1:30:51]} 3. Nc3 Bb4
{[%clk 1:30:52]} 4. e3 {[%clk 1:31:52]} c5 {[%clk 1:30:59]} 5. Bd3
{[%clk 1:31:59]} Nc6 {[%clk 1:30:56]} 6. Nf3 {[%clk 1:32:10]} Bxc3+
{[%clk 1:30:59]} 7. bxc3 {[%clk 1:32:27]} d6 {[%clk 1:31:19]} 8. e4
{[%clk 1:32:12]} e5 {[%clk 1:31:10]} 9. d5 {[%clk 1:32:33]} Ne7 {[%clk 1:31:10]}
10. Nd2 {[%clk 1:32:47]} h5 {[%clk 1:20:50]} 11. h4 {[%clk 1:26:47]} Qa5
{[%clk 1:19:08]} 12. Qc2 {[%clk 1:20:47]} Bd7 {[%clk 1:18:37]} 13. a4
{[%clk 1:19:33]} Ng4 {[%clk 1:15:34]} 14. g3 {[%clk 1:12:02]} Qc7
{[%clk 1:08:50]} 15. Nf1 {[%clk 1:08:48]} O-O-O {[%clk 1:04:49]} 16. a5
{[%clk 1:05:02]} Kb8 {[%clk 1:03:49]} 17. f3 {[%clk 1:01:43]} Nh6
{[%clk 1:03:08]} 18. Be3 {[%clk 1:00:16]} Rdf8 {[%clk 1:02:06]} 19. Nd2
{[%clk 0:59:01]} g6 {[%clk 1:01:53]} 20. Nb3 {[%clk 0:55:49]} f5 21. Qc1 Neg8 22.
Qa3 fxe4 23. Bxe4 Nf6 24. Nxc5 Nxe4 25. Nxe4 Nf5 26. Bf2 Qxc4 27. Nxd6 Qxd5 28.
Rd1 Qxf3 29. Qc5 Nxd6 30. Qxd6+ Ka8 0-1

[Event "Sport Summer 2016"]
[Site "Paracin"]
[Date "2016.07.13"]
[Round "8.5"]
[White "Fang, Yuxiang"]
[Black "Ratkovic, Milovan"]
[Result "1-0"]
[BlackElo "2382"]
[WhiteElo "2494"]
[LiveChessVersion "1.4.8"]

1. c4 {[%clk 1:27:29]} e5 {[%clk 1:30:50]} 2. Nc3 {[%clk 1:25:01]} Nc6
{[%clk 1:30:44]} 3. g3 {[%clk 1:23:18]} Bc5 {[%clk 1:30:47]} 4. Bg2
{[%clk 1:19:47]} d6 {[%clk 1:30:45]} 5. Nf3 {[%clk 1:17:28]} Nf6 {[%clk 1:27:51]}
6. d3 {[%clk 1:14:30]} h6 {[%clk 1:27:49]} 7. O-O {[%clk 1:13:06]} O-O
{[%clk 1:26:12]} 8. Na4 {[%clk 1:07:19]} Qe7 {[%clk 1:20:18]} 9. Nxc5
{[%clk 1:02:14]} dxc5 {[%clk 1:20:40]} 10. b3 {[%clk 1:02:12]} Rd8
{[%clk 1:17:42]} 11. Nd2 {[%clk 0:59:06]} Bg4 {[%clk 1:07:05]} 12. Bxc6
{[%clk 0:50:05]} bxc6 {[%clk 1:06:35]} 13. f3 {[%clk 0:50:20]} Bh3
{[%clk 1:06:03]} 14. Rf2 {[%clk 0:50:35]} h5 {[%clk 1:05:46]} 15. Qc2
{[%clk 0:48:13]} Rd6 {[%clk 1:00:10]} 16. Qc3 {[%clk 0:45:47]} h4
{[%clk 0:27:34]} 17. Bb2 {[%clk 0:31:30]} hxg3 18. hxg3 {[%clk 0:30:48]} Nd7
{[%clk 0:21:54]} 19. Rh2 {[%clk 0:30:05]} Rh6 {[%clk 0:20:48]} 20. Kf2
{[%clk 0:28:13]} Bf5 {[%clk 0:20:37]} 21. Rxh6 {[%clk 0:28:26]} gxh6
{[%clk 0:21:02]} 22. Rh1 Kh7 {[%clk 0:17:44]} 23. g4 {[%clk 0:25:45]} Bg6
{[%clk 0:17:38]} 24. Nf1 {[%clk 0:25:23]} Rh8 {[%clk 0:15:41]} 25. Ng3
{[%clk 0:25:30]} Kg8 {[%clk 0:09:55]} 26. Qa5 {[%clk 0:25:28]} Qd6
{[%clk 0:09:08]} 27. Qxa7 {[%clk 0:25:44]} Nf8 {[%clk 0:08:08]} 28. Qa8
{[%clk 0:23:16]} f6 {[%clk 0:06:51]} 29. Nf5 {[%clk 0:20:46]} Bxf5
{[%clk 0:06:53]} 30. gxf5 {[%clk 0:21:16]} Qd7 {[%clk 0:07:10]} 31. Rh5
{[%clk 0:20:19]} Kf7 {[%clk 0:06:55]} 32. Bc1 {[%clk 0:19:57]} Rg8
{[%clk 0:06:30]} 33. Be3 {[%clk 0:19:38]} Qd6 {[%clk 0:06:11]} 34. Qa5
{[%clk 0:17:59]} e4 {[%clk 0:05:10]} 35. f4 {[%clk 0:16:22]} exd3
{[%clk 0:02:59]} 36. Qxc5 {[%clk 0:16:44]} Qxc5 {[%clk 0:02:02]} 37. Bxc5
{[%clk 0:17:13]} Nd7 {[%clk 0:01:17]} 38. Be3 {[%clk 0:17:31]} dxe2
{[%clk 0:01:42]} 39. Rxh6 {[%clk 0:17:29]} Rg2+ {[%clk 0:00:52]} 40. Ke1
{[%clk 0:17:58]} c5 {[%clk 0:00:44]} 41. Rh7+ {[%clk 0:17:15]} Ke8
{[%clk 0:01:08]} 42. a4 {[%clk 0:17:42]} Rg8 {[%clk 0:01:02]} 43. a5
{[%clk 0:17:33]} Kd8 {[%clk 0:01:27]} 44. a6 {[%clk 0:18:00]} Kc8
{[%clk 0:00:53]} 45. a7 {[%clk 0:18:24]} Nb6 {[%clk 0:01:18]} 46. Bxc5
{[%clk 0:18:50]} Kb7 {[%clk 0:01:44]} 47. Rf7 {[%clk 0:19:06]} Re8
{[%clk 0:00:33]} 48. Rxf6 {[%clk 0:19:31]} Kxa7 {[%clk 0:00:56]} 49. Re6
{[%clk 0:19:47]} 1-0

[Event "Sport Summer 2016"]
[Site "Paracin"]
[Date "2016.07.13"]
[Round "8.6"]
[White "Nestorovic, Lazar"]
[Black "Zajic, Milan"]
[Result "0-1"]
[BlackElo "2481"]
[WhiteElo "2340"]
[LiveChessVersion "1.4.8"]

1. e4 {[%clk 1:30:56]} c6 {[%clk 1:25:50]} 2. d4 {[%clk 1:29:34]} g6
{[%clk 1:25:15]} 3. Ne2 {[%clk 1:22:30]} Bg7 {[%clk 1:23:44]} 4. Be3
{[%clk 1:21:53]} d5 {[%clk 1:22:51]} 5. e5 {[%clk 1:21:47]} f6 {[%clk 1:20:37]}
6. h4 {[%clk 1:03:10]} fxe5 {[%clk 1:19:02]} 7. dxe5 {[%clk 1:00:59]} Bxe5
{[%clk 1:18:07]} 8. Nbc3 {[%clk 0:58:35]} Nf6 {[%clk 0:53:37]} 9. Qd2
{[%clk 0:54:52]} b5 10. O-O-O {[%clk 0:43:52]} b4 {[%clk 0:36:59]} 11. Na4
{[%clk 0:43:57]} Nbd7 {[%clk 0:28:29]} 12. Qxb4 {[%clk 0:35:14]} Qc7
{[%clk 0:22:22]} 13. f3 {[%clk 0:26:39]} c5 {[%clk 0:20:08]} 14. Qd2
{[%clk 0:22:31]} Bb7 15. Bf4 {[%clk 0:14:46]} Bxf4 {[%clk 0:11:44]} 16. Nxf4
{[%clk 0:11:42]} e5 {[%clk 0:08:41]} 17. Re1 {[%clk 0:07:07]} Qc6
{[%clk 0:06:12]} 18. Nc3 {[%clk 0:06:55]} O-O-O {[%clk 0:05:30]} 19. Bb5
{[%clk 0:06:49]} Qd6 {[%clk 0:05:00]} 20. Bxd7+ {[%clk 0:06:37]} Nxd7
{[%clk 0:03:34]} 21. Nd3 {[%clk 0:03:57]} c4 {[%clk 0:02:47]} 22. Nf2
{[%clk 0:03:39]} Rhe8 {[%clk 0:02:40]} 23. h5 {[%clk 0:02:21]} Nc5
{[%clk 0:02:21]} 24. hxg6 {[%clk 0:02:36]} hxg6 {[%clk 0:02:36]} 25. Rh7
{[%clk 0:02:36]} Qb6 {[%clk 0:02:12]} 26. Qg5 {[%clk 0:01:30]} d4
{[%clk 0:01:18]} 27. Nce4 {[%clk 0:01:17]} Bxe4 {[%clk 0:00:55]} 28. Nxe4
{[%clk 0:01:40]} c3 {[%clk 0:00:43]} 29. bxc3 {[%clk 0:02:07]} Na4
{[%clk 0:00:35]} 30. Kd2 {[%clk 0:02:27]} Nxc3 {[%clk 0:00:36]} 31. Nf6
{[%clk 0:01:10]} Qb4 {[%clk 0:00:32]} 32. Kd3 {[%clk 0:00:41]} Qb5+
{[%clk 0:01:00]} 33. Kd2 {[%clk 0:01:06]} Qb4 {[%clk 0:01:14]} 34. Kd3
{[%clk 0:01:31]} Qb5+ {[%clk 0:00:36]} 35. Kd2 {[%clk 0:01:57]} Qa5
{[%clk 0:00:50]} 36. Qg4+ {[%clk 0:01:26]} Kb8 {[%clk 0:01:48]} 37. Kd3
{[%clk 0:02:07]} Qa6+ {[%clk 0:02:03]} 38. Kd2 {[%clk 0:02:09]} Qxf6
{[%clk 0:02:16]} 39. g3 {[%clk 0:02:07]} e4 {[%clk 0:02:06]} 40. fxe4
{[%clk 0:01:38]} Ka8 {[%clk 0:00:45]} 41. Kc1 {[%clk 0:00:44]} Rb8
{[%clk 0:00:37]} 0-1

[Event "Sport Summer 2016"]
[Site "Paracin"]
[Date "2016.07.13"]
[Round "8.7"]
[White "Kasparov, Sergey"]
[Black "Marjanovic, Dejan"]
[Result "1/2-1/2"]
[BlackElo "2392"]
[WhiteElo "2470"]
[LiveChessVersion "1.4.8"]

1. e4 {[%clk 1:30:58]} e6 {[%clk 1:25:44]} 2. d4 {[%clk 1:31:10]} d5
{[%clk 1:24:36]} 3. Nd2 {[%clk 1:31:20]} c5 {[%clk 1:25:00]} 4. exd5
{[%clk 1:31:42]} Qxd5 {[%clk 1:25:23]} 5. Ngf3 {[%clk 1:32:06]} cxd4
{[%clk 1:25:43]} 6. Bc4 {[%clk 1:32:27]} Qd6 {[%clk 1:26:05]} 7. O-O
{[%clk 1:32:52]} Nf6 {[%clk 1:26:21]} 8. Nb3 {[%clk 1:33:12]} Nc6
{[%clk 1:26:35]} 9. Nbxd4 {[%clk 1:33:33]} Nxd4 {[%clk 1:26:58]} 10. Nxd4
{[%clk 1:33:57]} a6 {[%clk 1:27:18]} 11. Re1 {[%clk 1:33:59]} Qc7
{[%clk 1:27:31]} 12. Bf1 {[%clk 1:34:16]} Be7 {[%clk 1:25:55]} 13. Qf3
{[%clk 1:32:57]} O-O {[%clk 1:21:49]} 14. Bf4 {[%clk 1:32:28]} Bd6
{[%clk 1:22:14]} 15. Bxd6 {[%clk 1:32:39]} Qxd6 {[%clk 1:22:39]} 16. Rad1
{[%clk 1:32:35]} Qc7 {[%clk 1:22:36]} 17. c4 {[%clk 1:28:34]} Bd7
{[%clk 1:19:54]} 18. h3 {[%clk 1:27:02]} Rae8 {[%clk 1:00:09]} 19. g4
{[%clk 1:25:00]} h6 {[%clk 0:50:26]} 20. Re3 {[%clk 1:14:06]} e5 {[%clk 0:39:37]}
21. Nf5 {[%clk 1:09:02]} Bxf5 {[%clk 0:39:37]} 22. Qxf5 {[%clk 1:07:16]} e4
{[%clk 0:31:31]} 23. Ra3 {[%clk 0:51:23]} Re5 {[%clk 0:27:25]} 24. Qf4
{[%clk 0:51:01]} Rfe8 {[%clk 0:27:03]} 25. Rg3 {[%clk 0:47:24]} Qe7
{[%clk 0:24:55]} 26. a3 {[%clk 0:43:49]} a5 {[%clk 0:23:18]} 27. Qd2
{[%clk 0:41:50]} Kf8 {[%clk 0:17:07]} 28. Qd6 Qxd6 {[%clk 0:13:49]} 29. Rxd6
{[%clk 0:38:58]} R5e6 {[%clk 0:13:49]} 30. Rxe6 Rxe6 {[%clk 0:14:05]} 31. Rb3
{[%clk 0:36:36]} b6 {[%clk 0:14:13]} 32. c5 {[%clk 0:36:05]} bxc5
{[%clk 0:12:24]} 33. Bc4 {[%clk 0:33:14]} Rd6 {[%clk 0:09:34]} 34. Rb5
{[%clk 0:31:58]} Nd7 {[%clk 0:07:42]} 35. Rxa5 {[%clk 0:29:10]} Rd1+
{[%clk 0:07:47]} 36. Kg2 {[%clk 0:27:26]} Rd2 {[%clk 0:07:25]} 37. b3
{[%clk 0:25:08]} e3 {[%clk 0:06:16]} 38. Kf3 {[%clk 0:23:53]} exf2
{[%clk 0:06:10]} 39. Be2 {[%clk 0:24:03]} Rb2 {[%clk 0:03:27]} 40. Rb5
{[%clk 0:23:55]} Ne5+ {[%clk 0:03:48]} 41. Kxf2 {[%clk 0:24:05]} Nc6
{[%clk 0:04:13]} 42. Rxc5 {[%clk 0:17:23]} Nd4 {[%clk 0:04:35]} 43. Re5
{[%clk 0:17:14]} Rxb3 44. Re3 {[%clk 0:17:38]} Rb2 {[%clk 0:03:17]} 45. Re4
{[%clk 0:17:30]} Nxe2 {[%clk 0:02:57]} 46. Rxe2 {[%clk 0:17:36]} Rb3
{[%clk 0:03:25]} 47. Re3 {[%clk 0:17:42]} Rb2+ {[%clk 0:03:48]} 48. Kf3
{[%clk 0:18:09]} g6 {[%clk 0:03:53]} 49. Ke4 {[%clk 0:17:43]} Ke7
{[%clk 0:03:33]} 50. Kd4+ {[%clk 0:17:06]} Kf6 {[%clk 0:03:49]} 51. Kc3
{[%clk 0:16:51]} Rb7 {[%clk 0:04:11]} 52. a4 {[%clk 0:14:41]} Kg5
{[%clk 0:04:32]} 53. Rf3 {[%clk 0:14:37]} h5 {[%clk 0:04:42]} 54. gxh5
{[%clk 0:14:56]} Kxh5 {[%clk 0:05:03]} 55. Kc4 {[%clk 0:14:58]} g5
{[%clk 0:03:33]} 56. a5 {[%clk 0:13:52]} g4 {[%clk 0:02:59]} 57. Rf5+
{[%clk 0:12:45]} Kh4 {[%clk 0:03:19]} 58. hxg4 {[%clk 0:13:09]} Kxg4
{[%clk 0:03:44]} 59. Rf6 {[%clk 0:13:21]} Kg5 {[%clk 0:03:55]} 60. Rb6
{[%clk 0:13:41]} Ra7 {[%clk 0:04:12]} 61. a6 {[%clk 0:13:39]} f5 {[%clk 0:04:18]}
62. Kb5 {[%clk 0:13:49]} Ra8 {[%clk 0:02:51]} 63. Kc6 {[%clk 0:13:10]} f4
{[%clk 0:02:54]} 64. Kb7 {[%clk 0:13:26]} Rf8 {[%clk 0:02:52]} 65. a7
{[%clk 0:13:37]} Rf7+ {[%clk 0:02:55]} 66. Ka6 {[%clk 0:13:45]} Rxa7+
{[%clk 0:03:06]} 67. Kxa7 {[%clk 0:14:10]} Kg4 {[%clk 0:02:55]} 68. Rf6
{[%clk 0:13:33]} Kg3 {[%clk 0:02:09]} 69. Kb6 {[%clk 0:13:46]} f3
{[%clk 0:02:38]} 70. Kc5 {[%clk 0:14:10]} f2 {[%clk 0:02:18]} 71. Rxf2
{[%clk 0:14:27]} Kxf2 {[%clk 0:02:42]} 1/2-1/2

[Event "Sport Summer 2016"]
[Site "Paracin"]
[Date "2016.07.13"]
[Round "8.8"]
[White "Cabarkapa, Novak"]
[Black "Abramovic, Bosko"]
[Result "1-0"]
[BlackElo "2422"]
[WhiteElo "2424"]
[LiveChessVersion "1.4.8"]

1. b3 {[%clk 1:30:54]} Nf6 {[%clk 1:29:42]} 2. Bb2 {[%clk 1:31:15]} d5
{[%clk 1:29:23]} 3. e3 {[%clk 1:31:10]} c6 {[%clk 1:29:45]} 4. f4
{[%clk 1:28:28]} g6 {[%clk 1:29:02]} 5. Nf3 {[%clk 1:23:29]} Bg4 {[%clk 1:22:49]}
6. h3 {[%clk 1:17:37]} Bxf3 {[%clk 1:20:33]} 7. Qxf3 {[%clk 1:18:04]} Bg7
{[%clk 1:20:45]} 8. g4 {[%clk 1:16:29]} Nbd7 {[%clk 1:20:33]} 9. Bg2
{[%clk 1:09:19]} Qc7 {[%clk 1:17:55]} 10. O-O {[%clk 1:09:43]} O-O
{[%clk 1:18:04]} 11. c4 {[%clk 1:04:31]} e6 {[%clk 1:17:09]} 12. g5
{[%clk 1:02:59]} Ne8 {[%clk 1:15:43]} 13. Bxg7 {[%clk 1:02:57]} Nxg7
{[%clk 1:16:05]} 14. Nc3 {[%clk 1:00:50]} Rae8 {[%clk 1:12:04]} 15. Qf2
{[%clk 0:53:51]} a6 {[%clk 1:05:10]} 16. Ne2 {[%clk 0:49:18]} f6 {[%clk 1:04:44]}
17. h4 fxg5 18. hxg5 dxc4 19. bxc4 e5 20. d4 exf4 21. Nxf4 Rf5 22. e4 Rxg5 23.
Ne6 Rxe6 24. Qf7+ Kh8 25. Qf8+ 1-0

[Event "Sport Summer 2016"]
[Site "Paracin"]
[Date "2016.07.13"]
[Round "8.9"]
[White "Djordjevic, Vuk"]
[Black "Sredojevic, Ivan"]
[Result "0-1"]
[BlackElo "2342"]
[WhiteElo "2415"]
[LiveChessVersion "1.4.8"]

1. e4 {[%clk 1:30:55]} c5 {[%clk 1:30:54]} 2. Nc3 {[%clk 1:31:14]} Nc6
{[%clk 1:31:16]} 3. g3 {[%clk 1:31:32]} Rb8 {[%clk 1:31:45]} 4. Bg2
{[%clk 1:31:51]} b5 {[%clk 1:32:14]} 5. f4 {[%clk 1:31:21]} b4 {[%clk 1:31:25]}
6. Nce2 {[%clk 1:25:38]} e6 {[%clk 1:30:57]} 7. Nf3 {[%clk 1:08:55]} Nf6
{[%clk 1:28:40]} 8. d3 {[%clk 0:58:26]} Ba6 {[%clk 1:24:55]} 9. b3
{[%clk 0:53:48]} d5 {[%clk 1:15:50]} 10. e5 {[%clk 0:39:38]} Nd7 {[%clk 1:16:09]}
11. O-O g6 {[%clk 1:02:10]} 12. Be3 {[%clk 0:26:21]} Qc7 {[%clk 0:58:52]} 13. Qd2
{[%clk 0:21:42]} Be7 {[%clk 0:53:57]} 14. a3 {[%clk 0:19:34]} bxa3
{[%clk 0:50:10]} 15. Rxa3 {[%clk 0:19:47]} Bb7 {[%clk 0:50:06]} 16. c4
{[%clk 0:18:21]} Nb6 {[%clk 0:47:56]} 17. Rc1 {[%clk 0:13:21]} dxc4
{[%clk 0:44:24]} 18. bxc4 {[%clk 0:12:11]} O-O {[%clk 0:44:26]} 19. Nc3
{[%clk 0:08:57]} a6 {[%clk 0:43:54]} 20. Raa1 {[%clk 0:06:17]} Rfd8
{[%clk 0:43:45]} 21. Qe2 {[%clk 0:06:11]} Rd7 {[%clk 0:42:00]} 22. Rd1
{[%clk 0:02:20]} Rbd8 {[%clk 0:39:43]} 23. Ne4 {[%clk 0:01:07]} Nb4
{[%clk 0:35:04]} 24. Ne1 {[%clk 0:00:53]} Bc6 {[%clk 0:31:28]} 25. Bf2
{[%clk 0:00:47]} Na4 {[%clk 0:30:47]} 26. Ra3 {[%clk 0:00:54]} a5
{[%clk 0:30:09]} 27. Rda1 {[%clk 0:00:46]} Nb6 {[%clk 0:25:40]} 28. Bxc5
{[%clk 0:01:15]} Bxe4 {[%clk 0:25:32]} 29. Bxe7 {[%clk 0:01:41]} Rxe7
{[%clk 0:24:10]} 30. Bxe4 {[%clk 0:01:52]} a4 {[%clk 0:24:36]} 31. Qe3
{[%clk 0:01:05]} Na6 {[%clk 0:24:50]} 32. Rb1 {[%clk 0:00:58]} Nc5
{[%clk 0:24:14]} 33. Rb5 {[%clk 0:01:17]} Rc8 {[%clk 0:20:48]} 34. Bf3
{[%clk 0:01:35]} Rd7 {[%clk 0:19:58]} 35. Be2 {[%clk 0:01:41]} Rdd8
{[%clk 0:19:45]} 36. d4 {[%clk 0:01:05]} Nb3 {[%clk 0:20:11]} 37. Raxb3
{[%clk 0:00:48]} axb3 {[%clk 0:20:26]} 38. Qxb3 {[%clk 0:00:46]} Rb8
{[%clk 0:12:54]} 39. Nf3 {[%clk 0:00:52]} Nd7 {[%clk 0:13:09]} 40. Rxb8
{[%clk 0:01:09]} Rxb8 {[%clk 0:13:34]} 41. Qd3 {[%clk 0:01:27]} Rb2
{[%clk 0:13:25]} 42. Kf2 {[%clk 0:00:50]} Nb6 {[%clk 0:13:04]} 43. Qc3
{[%clk 0:00:41]} Na4 {[%clk 0:13:21]} 44. Qa3 {[%clk 0:00:40]} Qa5
{[%clk 0:12:33]} 45. Qe7 {[%clk 0:00:48]} Nc3 {[%clk 0:12:56]} 46. Ng5
{[%clk 0:00:47]} Rxe2+ {[%clk 0:13:08]} 47. Kf3 {[%clk 0:00:57]} Qa8+
{[%clk 0:13:17]} 48. d5 {[%clk 0:01:14]} Qf8 {[%clk 0:13:42]} 49. d6
{[%clk 0:01:11]} Qa8+ {[%clk 0:13:56]} 50. Kg4 h5+ 51. Kh3 Qg2+ 52. Kh4 Qxh2+ 53.
Nh3 Kh7 54. Qd8 Kg8 55. Qe7 Ne4 0-1